| 000 | 00669nam a22002295a 4500 | ||
|---|---|---|---|
| 001 | BNC01000000000000001254128 | ||
| 003 | CL-SaCFP | ||
| 005 | 20260212113819.0 | ||
| 008 | 260112s 000 0 spa | ||
| 015 | _acl-2025-xxxx | ||
| 020 | _a9789566355830 | ||
| 040 |
_aclsabn _bspa _cclsabn _erda |
||
| 099 | _albh/20260112 | ||
| 100 | 1 | _aSantiago, Mikel | |
| 245 | 1 | 0 |
_aEntre los muertos / _cMikel Santiago. |
| 250 | _aPrimera edición en Chile: noviembre de 2025. | ||
| 264 | 1 |
_aSantiago de Chile : _bPenguin Random House Grupo Editorial S.A., _c2025. |
|
| 300 |
_a477 páginas ; _c23 cm. |
||
| 500 | _aLa Trama | ||
| 500 | _aB | ||
| 942 |
_2ddc _cLIBRO |
||
| 999 |
_c16323 _d16323 |
||